Stanislav Mečiar zborník štúdií o Stanislavovi Mečiarovi

Bibliographic Details
Other Authors: Parenička, Pavol, 1959- (Compiler)
Format: Book
Language:Slovak
PhysicalDescription:89 s. Pozn. 21 cm
Published: Martin Matica slovenská 1996
ISBN:8070903651
Subjects:

MARC

LEADER 00000cam a2200000 a 4500
001 vtls001227070
003 SK-MaSNL
005 20260301151806.0
008 251124s1996 xo frab 10000 slo
015 |a SNBA1996/0701792 
020 |a 8070903651 
035 |a SNK000174076 
035 |a urn:nbn:sk:snk-amjr1h 
035 |a urn:nbn:sk:snk:ar-a0cja3 
035 |a 42d55af3-2698-4669-80ea-bab4184d403c 
040 |a SNK  |b slo  |c SNK  |e AACR2 
041 0 |a slo 
044 |a SK 
080 |a 82.0-051  |2 1981 
080 |a 929 Mečiar, Stanislav  |2 1981 
245 0 0 |a Stanislav Mečiar  |b zborník štúdií o Stanislavovi Mečiarovi  |c zostavil Pavol Parenička 
260 |a Martin  |b Matica slovenská  |c 1996 
300 |a 89 s.  |b Pozn.  |c 21 cm 
504 |a Men. reg. 
600 1 7 |a Mečiar, Stanislav,  |d 1910-1971  |2 SNKPH  |9 26226 
655 7 |a zborníky konferencií  |2 SNKPH  |9 70153 
655 7 |a biografie  |2 SNKPH  |9 27965 
655 7 |a issue_zb  |2 SNK  |9 276493 
700 1 |a Parenička, Pavol,  |d 1959-  |4 com  |9 100367 
919 |a 80-7090-365-1 
954 |a odborná, vedecká literatúra pôvodná (slovenská)  |2 lita 
958 |a ART 
958 |a TL 
958 |a LX 
958 |a BX 
958 |a OND 
958 |a EUIPO 
999 |c 787581  |d 789511 
952 |t P60, <04>, [BOOK], {604}  |a SNK  |b SNK  |y VYP  |7 0  |p 17A0558658  |o snkSC 90504 D1  |i snkKSP 4115/96  |0 0  |1 0  |4 0  |d 1996-05-02  |l 0  |r 2005-01-01 00:00:00  |w 2026-02-24 
952 |t P60, <03>, [BOOK], {603}  |a SNK  |b SNK  |y PREZ  |7 0  |p 17A0003582  |o snkSC 90504  |i snkKSP 4114/96  |0 0  |1 0  |4 0  |d 1996-05-02  |l 0  |r 2025-09-09 00:00:00  |w 2026-02-24